000 00951nam a2200277 i 4500
003 DO-SdBNP
005 20251008114812.0
007 ta
008 250620b1979 dr a|||| |||| 00| 0 spa d
040 _aDO-SdBNP
_bspa
_cBNPHU
_erda
041 _aspa
082 4 _a759.97293
_bM647h 1979
_222
100 _aMiller, Jeanette,
_eautor
_4aut.
_962137
245 1 0 _aHistoria de la pintura dominicana /
_cJeanette Miller ; prólogo, María Ugarte ; editor, Martín López
264 1 _aSanto Domingo :
_bAmigo del Hogar,
_c1979.
300 _a106 páginas :
_bilustraciones ;
_c28 cm.
336 _atexto
_btxt
_2rdacontent
337 _asin mediación
_bn
_2rdamedia
338 _avolumen
_bnc
_2rdacarrier
590 _aInventariado, 2025/BT
650 4 _aPintura dominicana
_xHistoria
_942690
700 1 _aUgarte, María,
_d1914-2011
_eprologuista
_4pr.
_924078
700 1 _aLópez, Martín,
_deditor
_4ed.
_962138
910 _aBtavárez
942 _2ddc
_cLBS1
999 _c59352
_d59352